000 00436nam a2200181Ia 4500
005 20250423095334.0
008 250422s9999 xx 000 0 und d
020 _a00340814969
050 _aRD 32 .F238/
245 0 _aFarquharson's textbook of operative general surgery
250 _a9th ed.
260 _aLondon
260 _bHodder Arnold
260 _c2005
300 _a563 p
650 _aCerrahi teknikleri
942 _cBK
999 _c29972
_d29972